The Way things work [ Flight & other amazing discoveries

General viewing for all ages (U)

Bibliographic Details
Format: Book
Published: s.l. : Millimages SA , 2004
Series:Discover science series
Subjects:

MARC

LEADER 00000cam a2200000 7i4500
001 0000134176
005 20090901.0
090 0 0 |a J 500   |b WAY 
245 0 4 |a The Way things work [  |h video compact disc] :   |b Flight & other amazing discoveries 
260 |a s.l. :   |b Millimages SA ,   |c 2004 
300 |a 1 Video compact disc (45 minutes) :   |b col 
490 0 |a Discover science series 
500 |a Library has 1 copy 
520 0 |a General viewing for all ages (U) 
650 0 0 |a Science   |x Experiments   |x Juvenile literature 
999 |a AV 24212   |b VIDEO COMPACT DISC   |c PINJAMAN   |e PERPUSTAKAAN KOMUNITI PETALING JAYA